| 000 | 00483nam a22001457a 4500 | ||
|---|---|---|---|
| 003 | NUST | ||
| 082 | _a200 | ||
| 100 |
_aAfzal, Yusra _997536 |
||
| 245 |
_aComparative Forensics Analysis of Android Smartphones for Users Data Profiling / _cYusra Afzal |
||
| 264 |
_aIslamabad : _bSEECS, NUST, _c2022. |
||
| 650 |
_aMS-Information Security _927215 |
||
| 700 |
_aSupervisor: Dr. Mehdi Hussain _996690 |
||
| 856 | _uhttp://10.250.8.41:8080/xmlui/handle/123456789/30047 | ||
| 942 |
_2ddc _cSC |
||
| 999 |
_c591092 _d591092 |
||